000
00280nam a2200121Ia 4500
008
190216s9999||||xx |||||||||||||| ||und||
100
_a
Theodore Delevoryas
245
0
_a
Palnt Diversification
260
_b
Amerind Oub Co
_c
1966
300
_a
145p
650
_a
Botany
942
_c
BK
999
_c
1137
_d
1137